Da Audin̊cia Preliminar e da instruȯ́ do Processo Civil

Bibliographic Details
Main Author: Leitó, Helder Martins
Format: Unknown
Language:Portuguese
Published: Porto : Elcla, 2008
Online Access:Acceso restringido

MARC

LEADER 00000ny a22000003n 4500
005 20110623134145.0
008 090202s2008 po s 000 0 por d
020 |a 9727491618 
035 |a 2505 
040 |a UMA.RE  |d vlex 
080 |a 347.9(469)(0.034) 
090 |c 1206  |d 1206 
100 1 |a Leitó, Helder Martins 
245 1 3 |a Da Audin̊cia Preliminar e da instruȯ́ do Processo Civil  |h [Recurso electrn̤ico]  |c Helder Martins Leitó 
256 |a Servicio en ln̕ea 
260 |a Porto :  |b Elcla,  |c 2008 
506 1 |a Contenido solo disponible en los productos indicados  |d vLex Global  |d vLex Global (Academic Edition, excluding Law Schools)  |d vLex Global (U.S. Academic Edition, Law Schools)  |d vLex Global (U.S. Academic Edition, excluding Law Schools)  |d vLex Global (Academic Edition, Law Schools) 
740 0 |a vLex Libros (Servicios en ln̕ea) 
856 4 0 |u http://vlex.com/source/2505  |z Acceso restringido 
942 |c BOOK 
999 0 4 |a Derecho Procesal Civil  |z Portugal  |v En ln̕ea